Studies in New England transcendentalism.

Bibliographic Details
Main Author: Goddard, Harold Clarke, 1878-1950
Format: Book
Language:English
Published: New York : Hillary House Publishers, 1960.
Subjects:

MARC

Tag First Indicator Second Indicator Subfields
LEADER 00000cam a2200000 4500
001 in00000375921
005 20151011083758.0
008 720801s1960 nyu b 00100 eng
010 |a a 62005518  
035 |a (OCoLC)00370618 
035 |9 ABQ2769AM 
040 |c WSU  |d TXA  |d UtOrBLW 
049 |a TXAM  |c [476346] 
090 |a B905  |b .G6 1960 
100 1 |a Goddard, Harold Clarke,  |d 1878-1950. 
245 1 0 |a Studies in New England transcendentalism. 
264 1 |a New York :  |b Hillary House Publishers,  |c 1960. 
300 |a x, 217 pages ;  |c 24 cm. 
336 |a text  |b txt  |2 rdacontent 
337 |a unmediated  |b n  |2 rdamedia 
338 |a volume  |b nc  |2 rdacarrier 
504 |a Bibliography: pages 207-212. 
650 0 |a Transcendentalism (New England) 
999 |a MARS 
999 f f |s 7b0d97a0-1abd-3024-9ab2-82ce76868d4d  |i 89f5ee0e-63a0-396e-bce9-840b04ee92c3  |t 0 
952 f f |p normal  |a Texas A&M University  |b College Station  |c Sterling C. Evans Library  |d Evans: Library Stacks  |t 0  |e B905 .G6 1960  |h Library of Congress classification  |i unmediated -- volume  |m A14801606351 
998 f f |a B905 .G6 1960  |t 0  |l Evans: Library Stacks